Statistics for Grammy Winners 2022

Click here to take the quiz!

General Stats

  • This quiz has been taken 13 times
  • The average score is 3 of 10

Answer Stats

HintAnswer% Correct
Best New ArtistOlivia Rodrigo
91%
Best Pop AlbumSOUR by Olivia Rodrigo
45%
Record Of The YearLeave The Door Open by Silk Sonic
36%
Song Of The YearLeave The Door Open by Silk Sonic
36%
Album Of The YearWe Are by Jon Batiste
27%
Best Rap AlbumCall Me If You Get Lost by Tyler The Creator
18%
Best Rock AlbumMedicine At Midnight by Foo Fighters
0%
Best Latin AlbumMendo by Alex Cuba
0%
Best Country AlbumStarting Over by Chris Stapleton
0%
Best Dance AlbumSubconsciously by Black Coffee
0%

Score Distribution

Percentile by Number Answered

Percent of People with Each Score

Your Score History

You have not taken this quiz